Phương trình hàm và bất phương trình hàm trong đa thức
Đa thức và một số tính chất. Phương trình hàm trong đa thức. Bất phương trình hàm và xác định đa thức theo các đặc trưng
Zapisane w:
| 1. autor: | |
|---|---|
| Kolejni autorzy: | |
| Format: | Książka |
| Język: | Vietnamese |
| Wydane: |
Đà Nẵng
Đại học Đà Nẵng
2011
|
| Hasła przedmiotowe: | |
| Etykiety: |
Dodaj etykietę
Nie ma etykietki, Dołącz pierwszą etykiete!
|
| Thư viện lưu trữ: | Mạng thư viện Đại học Đà Nẵng |
|---|
| LEADER | 01507nam a2200361 4500 | ||
|---|---|---|---|
| 001 | 000010263 | ||
| 003 | 6465 | ||
| 005 | 20111212101232.0 | ||
| 008 | 111212s2011 viesd | ||
| 041 | |a vie | ||
| 072 | |a Luận văn Thạc sĩ Khoa học | ||
| 082 | |a 515.25 |b NG-Q | ||
| 100 | |a Nguyễn Thị Quỳnh | ||
| 245 | |a Phương trình hàm và bất phương trình hàm trong đa thức |c Nguyễn Thị Quỳnh | ||
| 260 | |a Đà Nẵng |b Đại học Đà Nẵng |c 2011 | ||
| 300 | |a 87tr |c 29cm |e CD. Tóm tắt luận văn | ||
| 500 | |a Luận văn Thạc sĩ Khoa học. Chuyên ngành: Phương pháp toán sơ cấp. Mã số: 60.46.40 | ||
| 520 | |a Đa thức và một số tính chất. Phương trình hàm trong đa thức. Bất phương trình hàm và xác định đa thức theo các đặc trưng | ||
| 653 | |a Toán học | ||
| 653 | |a Luận văn Thạc sĩ Toán sơ cấp | ||
| 653 | |a Đa thức | ||
| 653 | |a phương trình hàm | ||
| 700 | |a Nguyễn Văn Mậu |c GS.TSKH |e Hướng dẫn | ||
| OWN | |a LSP | ||
| AVA | |a UDN50 |b LSP |d 515.25 NG-Q |e available |t Error 5001 Not defined in file expand_doc_bib_avail. |f 1 |g 0 |h N |i 0 |k 1 | ||
| 999 | |a From the UDN01 | ||
| AVA | |a UDN50 |b LSP |d 515.25 NG-Q |e available |t Error 5001 Not defined in file expand_doc_bib_avail. |f 1 |g 0 |h N |i 0 |k 1 | ||
| TYP | |a Monograph | ||
| TYP | |a Printed language | ||
| 980 | |a Mạng thư viện Đại học Đà Nẵng | ||